<?xml version="1.0" encoding="UTF-8"?><?xml-stylesheet type="text/xsl" href="static/style.xsl"?><OAI-PMH xmlns="http://www.openarchives.org/OAI/2.0/" xmlns:xsi="http://www.w3.org/2001/XMLSchema-instance" xsi:schemaLocation="http://www.openarchives.org/OAI/2.0/ http://www.openarchives.org/OAI/2.0/OAI-PMH.xsd"><responseDate>2026-04-17T02:21:14Z</responseDate><request verb="GetRecord" identifier="oai:www.recercat.cat:2445/223268" metadataPrefix="marc">https://recercat.cat/oai/request</request><GetRecord><record><header><identifier>oai:recercat.cat:2445/223268</identifier><datestamp>2025-11-19T22:04:54Z</datestamp><setSpec>com_2072_1057</setSpec><setSpec>col_2072_478916</setSpec><setSpec>col_2072_478917</setSpec></header><metadata><record xmlns="http://www.loc.gov/MARC21/slim" xmlns:dcterms="http://purl.org/dc/terms/" xmlns:xsi="http://www.w3.org/2001/XMLSchema-instance" xmlns:doc="http://www.lyncode.com/xoai" xsi:schemaLocation="http://www.loc.gov/MARC21/slim http://www.loc.gov/standards/marcxml/schema/MARC21slim.xsd">
   <leader>00925njm 22002777a 4500</leader>
   <datafield ind2=" " ind1=" " tag="042">
      <subfield code="a">dc</subfield>
   </datafield>
   <datafield ind2=" " ind1=" " tag="720">
      <subfield code="a">Fraga Lavía, Kilian</subfield>
      <subfield code="e">author</subfield>
   </datafield>
   <datafield ind2=" " ind1=" " tag="720">
      <subfield code="a">Barrantes Verdoy, Sergi</subfield>
      <subfield code="e">author</subfield>
   </datafield>
   <datafield ind2=" " ind1=" " tag="720">
      <subfield code="a">Ruzafa Martínez, Eric</subfield>
      <subfield code="e">author</subfield>
   </datafield>
   <datafield ind2=" " ind1=" " tag="720">
      <subfield code="a">Bermejo Segú, Oriol</subfield>
      <subfield code="e">author</subfield>
   </datafield>
   <datafield ind2=" " ind1=" " tag="260">
      <subfield code="c">2025-09-19T08:57:04Z</subfield>
   </datafield>
   <datafield ind2=" " ind1=" " tag="260">
      <subfield code="c">2025-09-19T08:57:04Z</subfield>
   </datafield>
   <datafield ind2=" " ind1=" " tag="260">
      <subfield code="c">2025-08-25</subfield>
   </datafield>
   <datafield ind2=" " ind1=" " tag="260">
      <subfield code="c">2025-09-19T08:40:12Z</subfield>
   </datafield>
   <datafield ind2=" " ind1=" " tag="520">
      <subfield code="a">Introduction and importance: Massive segmental bone defects constitute a complex therapeutic challenge. The most widely-accepted techniques to address such defects, i.e., distraction osteogenesis and vascularized bone grafts, are associated with significant limitations. The Capanna technique, which combined a structural allograft with a vascularized fibular graft, has emerged as an effective alternative for cancer patients. However, few reports exist on its use outside this context. The case presented here extends the indications of the Capanna technique to the traumatic scenario, where it can also allow preservation of the joint. Presentation of case: 63-year-old male with an open IIIC fracture of the right distal tibia also involving the ankle joint that was sustained in a high-energy motor vehicle accident. Following a damage-control surgery and a rectosigmoid tumor resection, the 12 cm bone defect was addressed by means of the Capanna technique. A structural tibia allograft was used in combination with a contralateral vascularized fibular graft, both of which were fixed with an anterolateral plate. Bone transport and arthrodesis were ruled out. The patient's clinical course was favorable, with healing of the graft and an acceptable outcome in terms of function and joint range of motion. Clinical discussion: This case highlights the versatility of the Capanna technique, showing that it can effectively be used outside the oncologic scenario, to address post-traumatic defects with joint involvement. Conclusion: Use of the Capanna technique without recourse to arthrodesis appears to be a valid alternative in the treatment of intra-articular post-traumatic bone defects.</subfield>
   </datafield>
   <datafield ind1="8" ind2=" " tag="024">
      <subfield code="a">http://hdl.handle.net/2445/223268</subfield>
   </datafield>
   <datafield tag="653" ind2=" " ind1=" ">
      <subfield code="a">Fixació de fractures</subfield>
   </datafield>
   <datafield tag="653" ind2=" " ind1=" ">
      <subfield code="a">Artroscòpia</subfield>
   </datafield>
   <datafield tag="653" ind2=" " ind1=" ">
      <subfield code="a">Fracture fixation</subfield>
   </datafield>
   <datafield tag="653" ind2=" " ind1=" ">
      <subfield code="a">Arthroscopy</subfield>
   </datafield>
   <datafield ind2="0" ind1="0" tag="245">
      <subfield code="a">Joint-preserving reconstruction of a traumatic distal tibial defect using the Capanna technique: a case report</subfield>
   </datafield>
</record></metadata></record></GetRecord></OAI-PMH>